00916nam a22002297i 4500003000900000005001700009007000300026008004100029040003100070082000700101100004800108245014400156250002300300264007600323300007000399336002700469337003300496338002900529440000600558500007400564700004800638DO-SdBNP20240415144929.0ta240415b1999 dr ac||| |||| 00| 0 spa d aDO-SdBNPbspacBNPHU erda 42221 aLeón Hiciano, Carmen P. de d1939-eautor10aHistoria de Castillo :bsu cultura, creencias, costumbres y otras cosas /cCarmen P. de León Hiciano, Francisco Miguel de León Hiciano. aPrimera edición  aSanto Domingo, República Dominicana : bEditora Centenario, c©1999. a 250, [3] páginas :bilustraciones, mapas, retratos ; c23 cm.  2rdacontentatextobtxt 2rdamediaasin mediaciónbn 2rdacarrier avolumenbnc a  aIncluye datos biográficos de la autora en la solapa de la cubierta.1 aLeón Hiciano, Francisco Miguel de eautor